| 000 | 00657nam a2200253Ia 4500 | ||
|---|---|---|---|
| 001 | 42677 | ||
| 005 | 20240114003515.0 | ||
| 007 | ta | ||
| 008 | 080714s1933 g b000 u 465 u | ||
| 040 | _aCotton College Assam | ||
| 041 | _a465 | ||
| 082 |
_a536 _bSa 19 T |
||
| 100 | _aSaha, M.N. . | ||
| 245 | 0 |
_aA Tex Book of Heat / _cM.N.Saha and B.N.Srivastava. _hTextual Documents |
|
| 250 | _aIst ed / | ||
| 260 |
_aBombay : _bOriental LOngman Ltd , _c1933. |
||
| 300 |
_a361p ; _c24cm. |
||
| 653 | _aPhysics-Heat | ||
| 653 | _aT/G-Physics | ||
| 700 | _aSrivastava, B.N . | ||
| 942 |
_2ddc _cBK |
||
| 999 |
_c42643 _d42643 |
||